Normal view MARC view

Entry Personal Name

Number of records used in: 1

001 - CONTROL NUMBER

  • control field: 9109

003 - CONTROL NUMBER IDENTIFIER

  • control field: DLC

005 - DATE AND TIME OF LATEST TRANSACTION

  • control field: 20220919145603.0

008 - FIXED-LENGTH DATA ELEMENTS

  • fixed length control field: 970721n| azannaabn |a aaa

010 ## - LIBRARY OF CONGRESS CONTROL NUMBER

  • LC control number: n 97073053

035 ## - SYSTEM CONTROL NUMBER

  • System control number: (OCoLC)oca04390132

040 ## - CATALOGING SOURCE

  • Original cataloging agency: DLC
  • Language of cataloging: eng
  • Description conventions: rda
  • Transcribing agency: DLC
  • Modifying agency: UPB
  • Modifying agency: NcGU
  • Modifying agency: MdRoLAC
  • Modifying agency: DLC

046 ## - SPECIAL CODED DATES

  • Birth date: 1970-04-04
  • Death date: 2016-06-23

100 1# - HEADING--PERSONAL NAME

  • Personal name: Lopez, Shane J.

370 ## - ASSOCIATED PLACE

  • Place of residence/headquarters: Lawrence (Kan.)
  • Source of term: naf

372 ## - FIELD OF ACTIVITY

  • Field of activity: Psychology
  • Source of term: lcsh

375 ## - GENDER

  • Gender: Males
  • Source of term: lcdgt

377 ## - ASSOCIATED LANGUAGE

  • Language code: eng

400 1# - SEE FROM TRACING--PERSONAL NAME

  • Personal name: Lopez, Shane J.,
  • Dates associated with a name: 1970-2016

670 ## - SOURCE DATA FOUND

  • Source citation: Internship selection in professional psychology, 1997:
  • Information found: CIP t.p. (Shane J. Lopez)

670 ## - SOURCE DATA FOUND

  • Source citation: Oxford Handbook of Positive Psychology, 2009:
  • Information found: ECIP t.p. (Shane J. Lopez) data view (b. 04/04/1970)

670 ## - SOURCE DATA FOUND

  • Source citation: Making hope happen, 2013:
  • Information found: title page (Shane J. Lopez) page 261 (world's leading authority on the psychology of hope. He lives in Lawrence, Kansas)

670 ## - SOURCE DATA FOUND

  • Source citation: Oxford handbook of positive psychology online, 2017, viewed December 14, 2017:
  • Information found: Memoriam: remembering Shane J. Lopez: a legacy of spreading hope (Shane J. Lopez died July 23, 2016)
  • Uniform Resource Identifier: http://www.oxfordhandbooks.com/view/10.1093/oxfordhb/9780199399314.001.0001/oxfordhb-9780199399314-miscMatter-11

670 ## - SOURCE DATA FOUND

  • Source citation: The Oxford handbook of positive psychology, 2020:
  • Information found: eCIP t.p. (Shane J. Lopez) data view screen (was Senior Scientist in Residence at Gallup and Research Director for the Clifton Strengths Institute; was a fellow of the American Psychological Association and the International Positive Psychology Association; he passed away in 2016)

Powered by Koha